000 00624nam a2200253Ia 4500
001 15539
005 20240113235631.0
007 ta
008 051209s1972 a g b000 u 465 u
040 _aCotton College Assam
041 _a465
082 _a516
_bKu 966 Hi
100 _aKurosh, A. .
245 0 _aHigher Algebra /
_cA.Kurosh.
_hTextual Documents
250 _a1st ed. /
260 _aMoscow :
_bMir Publishers ,
_c1972.
300 _a428p. :
_bill ;
_c22cm .
504 _aIndex
653 _aAlgebra
653 _aG-Mathematics
942 _2ddc
_cBK
999 _c15525
_d15525